| 000 | 00621nam a22002297a 4500 | ||
|---|---|---|---|
| 003 | OSt | ||
| 005 | 20210421074847.0 | ||
| 008 | 210225s1995 ||||| |||| 00| 0 eng d | ||
| 020 | _a0671886355 | ||
| 020 | _a0893259X | ||
| 040 |
_aeng _beng _cDLC |
||
| 041 | _aeng | ||
| 080 |
_a663.2 _bJ-74 |
||
| 100 |
_9763 _aJohnson, Hugh |
||
| 245 |
_aHugh Johnson's Pocket Encyclopedia of Wine 1995 _c/ by: Simon and Schuster Inc |
||
| 260 |
_aNew York _bSimon and Schuster Inc _c1995 |
||
| 300 |
_a216 p. _bill. |
||
| 365 | _b12 usd | ||
| 650 | 0 |
_9729 _aWine Making |
|
| 653 | _aმეღვინეობა | ||
| 942 |
_2udc _cBK |
||
| 999 |
_c1739 _d1739 |
||